| 000 | 01531nam a2200325 c 4500 | ||
|---|---|---|---|
| 003 | BLK | ||
| 005 | 20240302132827.0 | ||
| 008 | 180413b bul|||||r ||||||| ||bul|| | ||
| 010 | _aKNG00026493000 | ||
| 020 |
_a954-9502-25-2 _bиздат.: Литературен форум |
||
| 040 | _aBLK | ||
| 041 |
_aBUL _cBUL |
||
| 080 |
_aБългарска литература _b821.163.2 _x-4 _z821.163.2-4 |
||
| 100 |
_aГанчев, Марко _gПисател и поет, сатирик, преводач от немски и белоруски _d1932- _qМаринов, Марко Ганчев _9267403 |
||
| 700 | 1 |
_aМаринов, Марко Ганчев _9267404 |
|
| 139 |
_aГанчев, Марко _bГ 22 |
||
| 245 | 1 | 0 |
_aТриумфалните арки към литературата _bПреживявания над страниците на древните епоси, сказания и митове _cМарко Ганчев; Марко Ганчев Маринов. |
| 257 | _aBGR | ||
| 260 |
_аСофия _bЛитературен форум _c1998 _fСофия : Вулкан 4 |
||
| 300 |
_a210 с. _c20 см |
||
| 380 | _aX | ||
| 490 | 1 | _aБиблиотека Българска сбирка | |
| 500 | _a300 тир. - Кн. е изд. с конкурс на Нац. център за книгата. | ||
| 852 | _aЦб 199636 | ||
| 856 | 4 |
_qpdf _u |
|
| 856 | 4 |
_qpdf _u |
|
| 942 |
_cKNG _n0 |
||
| 944 |
_aCR _c15.01.2003 _k30560 _lГеновева Генчева |
||
| 944 |
_aED _c18.03.2013 _k |
||
| 999 |
_c23992 _d23992 |
||